{"text_format":"2","workbook":"xlsx","n_sheets":5,"sheets":["ORÇAMENTO","CPU","BDI SERV","BDI FORN","CRONOGRAMA"],"not_rendered":{"charts":0,"images":3,"macros":0,"external_links":0,"defined_names":5,"comments":1,"pivot_tables":0},"unopened":[],"bounds":{"document_bytes":16777216,"sheet_cells":100000,"run_cost":"one","rows_first":2000,"rows_last":500,"rows_between":2000,"halvings":0,"cell_chars":16384,"cell_head_chars":4096},"cells_cut":0,"cells_raw":0,"read":"whole","date_system":"1900"}

{"sheet":"ORÇAMENTO","index":0,"n_rows":36,"n_cols":9,"rows_kept":36,"cut":false,"hidden":false,"merged":[[6,1,6,2],[6,6,6,7],[35,1,35,2],[0,0,7,0],[0,2,0,8],[1,2,1,8],[2,2,2,8],[4,2,4,8],[5,6,5,7]]}
["<---- NUMERAR SERVIÇOS PARA CPU",null,"Ministério do Desenvolvimento Regional"]
[null,null,"Companhia de Desenvolvimento dos Vales do São Francisco e do Parnaíba"]
[null,null,"1ª Superintendência Regional"]
[]
[null,"OBRA: "," PAVIMENTAÇÃO ASFÁLTICA EM CBUQ - DIVERSAS RUAS (BURITIZEIRO / MG)"]
[null,"DATA:"," JULHO / 2023   ",null,null,null,"BDI Serviços:",null,{"$f":"'BDI SERV'!D31/100","v":0.21350000000000002}]
[null,"PRAZO DE EXECUÇÃO:     180 DIAS",{"$nulls":4},"BDI Fornecimento:",null,{"$f":"'BDI FORN'!D31/100","v":0.15}]
[null,"ITEM","DISCRIMINAÇÃO","REFER.","UNID.","QUANT.","P. UNITÁRIO","P.UNIT.C/ BDI","P. TOTAL"]
["A",1,"SERVIÇOS PRELIMINARES ",{"$nulls":5},{"$f":"SUM(I10:I14)","v":309697.74}]
[1,"1.1","MOBILIZAÇÃO E DESMOBILIZAÇÃO","CPU.1","GL",1,{"$f":"VLOOKUP(A10,CPU!$A$1:$N$4654,9)","v":17519.939999999999},{"$f":"VLOOKUP(A10,CPU!$A$1:$N$4654,10)","v":21260.45},{"$f":"ROUND(F10*H10,2)","v":21260.45}]
[2,"1.2","ADMINISTRAÇÃO LOCAL","CPU.2","GL",1,{"$f":"VLOOKUP(A11,CPU!$A$1:$N$4654,9)","v":216204.48},{"$f":"VLOOKUP(A11,CPU!$A$1:$N$4654,10)","v":262364.14},{"$f":"ROUND(F11*H11,2)","v":262364.14}]
[3,"1.3","CANTEIRO DE OBRAS","CPU.3","GL",1,{"$f":"VLOOKUP(A12,CPU!$A$1:$N$4654,9)","v":16566.900000000001},{"$f":"VLOOKUP(A12,CPU!$A$1:$N$4654,10)","v":20103.93},{"$f":"ROUND(F12*H12,2)","v":20103.93}]
[4,"1.4","PLACA DE OBRA EM CHAPA DE AÇO GALVANIZADO",103689,"M2",6,{"$f":"VLOOKUP(A13,CPU!$A$1:$N$4654,9)","v":308.09000000000003},{"$f":"VLOOKUP(A13,CPU!$A$1:$N$4654,10)","v":373.87},{"$f":"ROUND(F13*H13,2)","v":2243.2199999999998}]
[5,"1.5","LOCAÇÃO DE PAVIMENTAÇÃO",99064,"M",4599.9999999999991,{"$f":"VLOOKUP(A14,CPU!$A$1:$N$4654,9)","v":0.67},{"$f":"VLOOKUP(A14,CPU!$A$1:$N$4654,10)","v":0.81},{"$f":"ROUND(F14*H14,2)","v":3726}]
["B",2,"PAVIMENTAÇÃO",{"$nulls":5},{"$f":"SUM(I16:I22)","v":622067}]
[6,"2.1","ESCAVAÇÃO HORIZONTAL EM SOLO DE 1A CATEGORIA ",101116,"M3",16000.000000000002,{"$f":"VLOOKUP(A16,CPU!$A$1:$N$4654,9)","v":1.8900000000000001},{"$f":"VLOOKUP(A16,CPU!$A$1:$N$4654,10)","v":2.29},{"$f":"ROUND(F16*H16,2)","v":36640}]
[7,"2.2","CARGA, MANOBRA E DESCARGA DE SOLOS E MATERIAIS GRANULARES EM CAMINHÃO BASCULANTE",100976,"M3",16000.000000000002,{"$f":"VLOOKUP(A17,CPU!$A$1:$N$4654,9)","v":6.49},{"$f":"VLOOKUP(A17,CPU!$A$1:$N$4654,10)","v":7.88},{"$f":"ROUND(F17*H17,2)","v":126080}]
[8,"2.3","REGULARIZAÇÃO E COMPACTAÇÃO DO SUBLEITO ",100577,"M2",40000,{"$f":"VLOOKUP(A18,CPU!$A$1:$N$4654,9)","v":1.1100000000000001},{"$f":"VLOOKUP(A18,CPU!$A$1:$N$4654,10)","v":1.35},54000]
[9,"2.4","EXECUÇÃO E COMPACTAÇÃO DE BASE E OU SUB BASE PARA PAVIMENTAÇÃO DE SOLOS DE COMPORTAMENTO LATERÍTICO - EXCLUSIVE SOLO, ESCAVAÇÃO, CARGA E TRANSPORTE (CASCALHO FORNECIDO PELA PREFEITURA)",96388,"M3",8000.0000000000009,{"$f":"VLOOKUP(A19,CPU!$A$1:$N$4654,9)","v":11.25},{"$f":"VLOOKUP(A19,CPU!$A$1:$N$4654,10)","v":13.65},109200]
[10,"2.5","IMPRIMAÇÃO COM EMULSÃO ASFÁLTICA (EAI)",96401,"M2",40000,{"$f":"VLOOKUP(A20,CPU!$A$1:$N$4654,9)","v":1.08},{"$f":"VLOOKUP(A20,CPU!$A$1:$N$4654,10)","v":1.31},52400]
[11,"2.6","PINTURA DE LIGAÇÃO COM EMULSÃO ASFÁLTICA RR-2C",96402,"M2",36300,{"$f":"VLOOKUP(A21,CPU!$A$1:$N$4654,9)","v":0.88000000000000012},{"$f":"VLOOKUP(A21,CPU!$A$1:$N$4654,10)","v":1.07},38841]
[12,"2.7","EXECUÇÃO DE PAVIMENTO COM APLICAÇÃO DE CONCRETO ASFÁLTICO USINADO A QUENTE (CBUQ), CAMADA DE ROLAMENTO - EXCLUSIVE TRANSPORTE",95995,"M3",1480.0000000000002,{"$f":"VLOOKUP(A22,CPU!$A$1:$N$4654,9)","v":114.09},{"$f":"VLOOKUP(A22,CPU!$A$1:$N$4654,10)","v":138.44999999999999},204906]
["C",3,"TRANSPORTE DE MATERIAIS",{"$nulls":5},{"$f":"SUM(I24:I26)","v":1207784.01}]
[13,"3.1","TRANSPORTE COM CAMINHÃO BASCULANTE, EM VIA URBANA PAVIMENTADA",95877,"M3XKM",586000.00415000005,{"$f":"VLOOKUP(A24,CPU!$A$1:$N$4654,9)","v":1.67},{"$f":"VLOOKUP(A24,CPU!$A$1:$N$4654,10)","v":2.0299999999999998},{"$f":"ROUND(F24*H24,2)","v":1189580.01}]
[14,"3.2","TRANSPORTE COM CAMINHÃO CARROCERIA 9T, EM VIA URBANA PAVIMENTADA",100947,"TXKM",1800.0010433599996,{"$f":"VLOOKUP(A25,CPU!$A$1:$N$4654,9)","v":1.96},{"$f":"VLOOKUP(A25,CPU!$A$1:$N$4654,10)","v":2.38},{"$f":"ROUND(F25*H25,2)","v":4284}]
[15,"3.3","TRANSPORTE COM CAMINHÃO TANQUE DE TRANSPORTE DE MATERIAL ASFÁLTICO DE 30000 L, EM VIA URBANA PAVIMENTADA (BDI DIFERENCIADO)",102331,"TXKM",24000,{"$f":"VLOOKUP(A26,CPU!$A$1:$N$4654,9)","v":0.5},{"$f":"VLOOKUP(A26,CPU!$A$1:$N$4654,10)","v":0.57999999999999996},{"$f":"ROUND(F26*H26,2)","v":13920}]
["D",4,"OBRAS COMPLEMENTARES",{"$nulls":5},{"$f":"SUM(I28:I31)","v":753476.1}]
[16,"4.1","GUIA (MEIO-FIO) E SARJETA CONJUGADOS DE CONCRETO, MOLDADA IN LOCO COM EXTRUSORA, 45 CM BASE (15 CM BASE DA GUIA + 30 CM BASE DA SARJETA) X 22 CM ALTURA",94267,"M",9179.9999999999982,{"$f":"VLOOKUP(A28,CPU!$A$1:$N$4654,9)","v":57.399999999999991},{"$f":"VLOOKUP(A28,CPU!$A$1:$N$4654,10)","v":69.650000000000006},{"$f":"ROUND(F28*H28,2)","v":639387}]
[17,"4.2","FORNECIMENTO E INSTALAÇÃO DE PLACA DE SINALIZAÇÃO VIÁRIA - REGULAMENTAÇÃO OCTOGONAL (PARE) 0,60MX0,60M","CPU.4","UN.",75,{"$f":"VLOOKUP(A29,CPU!$A$1:$N$4654,9)","v":451.66999999999996},{"$f":"VLOOKUP(A29,CPU!$A$1:$N$4654,10)","v":548.1},{"$f":"ROUND(F29*H29,2)","v":41107.5}]
[18,"4.3","FORNECIMENTO E INSTALAÇÃO DE PLACA DE IDENTIFICACAO DE RUA EM CHAPA DE AÇO PINTADA COM PELÍCULA DE ALTA INTENSIDADE, 45 CM X 20 CM - INCLUSIVE SUPORTE DE MADEIRA, CONFORME PROJETO                                  ","CPU.5","UN.",75,{"$f":"VLOOKUP(A30,CPU!$A$1:$N$4654,9)","v":151.76000000000002},{"$f":"VLOOKUP(A30,CPU!$A$1:$N$4654,10)","v":184.16},{"$f":"ROUND(F30*H30,2)","v":13812}]
[19,"4.4","PINTURA DE FAIXA COM TINTA ACRÍLICA - ESPESSURA DE 0,10 MM",5213401,"M2",1260,{"$f":"VLOOKUP(A31,CPU!$A$1:$N$4654,9)","v":38.700000000000003},{"$f":"VLOOKUP(A31,CPU!$A$1:$N$4654,10)","v":46.96},{"$f":"ROUND(F31*H31,2)","v":59169.599999999999}]
["E",5,"FORNECIMENTOS - MATERIAL ASFÁLTICO (BDI DIFERENCIADO)",{"$nulls":5},{"$f":"SUM(I33:I35)","v":2838470.51}]
[20,"5.1","AQUISIÇÃO DE EMULSÃO ASFÁLTICA PARA IMPRIMAÇÃO (EAI) - EXCLUSIVE TRANSPORTE","CPU.6","T",55,{"$f":"VLOOKUP(A33,CPU!$A$1:$N$4654,9)","v":2376.02},{"$f":"VLOOKUP(A33,CPU!$A$1:$N$4654,10)","v":2732.42},{"$f":"ROUND(F33*H33,2)","v":150283.1}]
[21,"5.2","AQUISIÇÃO DE EMULSAO ASFALTICA CATIONICA RR-2C - EXCLUSIVE TRANSPORTE","CPU.7","T",16.995000000000001,{"$f":"VLOOKUP(A34,CPU!$A$1:$N$4654,9)","v":3386.4},{"$f":"VLOOKUP(A34,CPU!$A$1:$N$4654,10)","v":3894.36},{"$f":"ROUND(F34*H34,2)","v":66184.649999999994}]
[22,"5.3","AQUISIÇÃO DE CONCRETO BETUMINOSO USINADO A QUENTE (CBUQ) PARA PAVIMENTACAO ASFALTICA, PADRAO DNIT, FAIXA C, COM CAP 50/70 - EXCLUSIVE TRANSPORTE","CPU.8","T",3800.0040000000008,{"$f":"VLOOKUP(A35,CPU!$A$1:$N$4654,9)","v":600},{"$f":"VLOOKUP(A35,CPU!$A$1:$N$4654,10)","v":690},2622002.7599999998]
[null,"TOTAL GERAL DA OBRA COM BDI ",{"$nulls":6},{"$f":"SUM(I9,I15,I23,I27,I32)","v":5731495.3599999994}]

{"sheet":"CPU","index":1,"n_rows":351,"n_cols":13,"rows_kept":351,"cut":false,"hidden":false,"merged":[[328,0,338,0],[340,0,350,0],[15,8,16,9],[34,8,35,9],[262,0,278,0],[262,1,262,3],[262,4,262,7],[263,2,263,5],[264,2,264,3],[265,1,265,7],[275,1,275,3],[275,5,275,6],[276,1,276,6],[277,1,277,6],[278,1,278,6],[348,1,348,6],[349,1,349,6],[350,1,350,6],[145,0,163,0],[164,0,182,0],[183,0,204,0],[205,0,216,0],[218,0,229,0],[231,0,242,0],[0,0,13,0],[14,0,32,0],[33,0,48,0],[49,0,66,0],[67,0,78,0],[79,0,91,0],[92,0,104,0],[106,0,123,0],[124,0,143,0],[243,0,260,0],[280,0,296,0],[298,0,314,0],[316,0,326,0],[336,1,336,6],[337,1,337,6],[338,1,338,6],[312,1,312,6],[313,1,313,6],[314,1,314,6],[316,1,316,3],[316,4,316,7],[317,2,317,5],[318,2,318,3],[319,1,319,7],[323,1,323,3],[323,5,323,6],[294,1,294,6],[295,1,295,6],[296,1,296,6],[298,1,298,3],[298,4,298,7],[299,2,299,5],[300,2,300,3],[340,1,340,3],[340,4,340,7],[341,2,341,5],[342,2,342,3],[343,1,343,7],[347,1,347,3],[347,5,347,6],[324,1,324,6],[325,1,325,6],[326,1,326,6],[328,1,328,3],[328,4,328,7],[329,2,329,5],[330,2,330,3],[331,1,331,7],[335,1,335,3],[335,5,335,6],[301,1,301,7],[311,1,311,3],[311,5,311,6],[280,1,280,3],[280,4,280,7],[281,2,281,5],[282,2,282,3],[283,1,283,7],[293,1,293,3],[293,5,293,6],[243,10,243,11],[244,2,244,5],[245,2,245,3],[246,1,246,7],[257,1,257,3],[257,5,257,6],[258,1,258,6],[259,1,259,6],[260,1,260,6],[232,2,232,5],[233,2,233,3],[234,1,234,7],[238,1,238,3],[238,5,238,6],[239,1,239,6],[240,1,240,6],[241,1,241,6],[243,1,243,3],[243,4,243,7],[221,1,221,7],[226,1,226,3],[226,5,226,6],[227,1,227,6],[228,1,228,6],[229,1,229,6],[231,1,231,3],[231,4,231,7],[231,10,231,11],[213,1,213,3],[213,5,213,6],[214,1,214,6],[215,1,215,6],[216,1,216,6],[218,1,218,3],[218,4,218,7],[219,2,219,5],[220,2,220,3],[201,1,201,6],[202,1,202,6],[203,1,203,6],[205,1,205,3],[205,4,205,7],[205,10,205,11],[206,2,206,5],[207,2,207,3],[208,1,208,7],[183,1,183,3],[183,4,183,7],[183,10,183,11],[184,2,184,5],[185,2,185,3],[186,1,186,7],[188,8,188,9],[200,1,200,3],[200,5,200,6],[164,10,164,11],[165,2,165,5],[166,2,166,3],[167,1,167,7],[178,1,178,3],[178,5,178,6],[179,1,179,6],[180,1,180,6],[181,1,181,6],[146,2,146,5],[147,2,147,3],[148,1,148,7],[159,1,159,3],[159,5,159,6],[160,1,160,6],[161,1,161,6],[162,1,162,6],[164,1,164,3],[164,4,164,7],[127,1,127,7],[140,1,140,3],[140,5,140,6],[141,1,141,6],[142,1,142,6],[143,1,143,6],[145,1,145,3],[145,4,145,7],[145,10,145,11],[119,1,119,3],[119,5,119,6],[120,1,120,6],[121,1,121,6],[122,1,122,6],[124,1,124,3],[124,4,124,7],[125,2,125,5],[126,2,126,3],[102,1,102,6],[103,1,103,6],[104,1,104,6],[106,1,106,3],[106,4,106,7],[106,10,106,11],[107,2,107,5],[108,2,108,3],[109,1,109,7],[88,1,88,6],[89,1,89,6],[90,1,90,6],[92,1,92,3],[92,4,92,7],[93,2,93,5],[94,2,94,3],[95,1,95,7],[101,1,101,3],[101,5,101,6],[76,1,76,6],[77,1,77,6],[79,1,79,3],[79,4,79,7],[79,10,79,11],[80,2,80,5],[81,2,81,3],[82,1,82,7],[87,1,87,3],[87,5,87,6],[67,1,67,3],[67,4,67,7],[67,10,67,11],[68,2,68,5],[69,2,69,3],[70,1,70,7],[74,1,74,3],[74,5,74,6],[75,1,75,6],[49,10,49,11],[50,2,50,5],[51,2,51,3],[52,1,52,7],[62,1,62,3],[62,5,62,6],[63,1,63,6],[64,1,64,6],[65,1,65,6],[35,2,35,3],[36,1,36,7],[44,1,44,3],[44,5,44,6],[45,1,45,6],[46,1,46,6],[47,1,47,6],[49,1,49,3],[49,4,49,7],[28,1,28,3],[28,5,28,6],[29,1,29,6],[30,1,30,6],[31,1,31,6],[33,1,33,3],[33,4,33,7],[33,10,33,11],[34,2,34,5],[10,1,10,6],[11,1,11,6],[12,1,12,6],[14,1,14,3],[14,4,14,7],[14,10,14,11],[15,2,15,5],[16,2,16,3],[17,1,17,7],[0,1,0,3],[0,4,0,7],[0,10,0,11],[1,2,1,5],[1,10,1,11],[2,2,2,3],[3,1,3,7],[9,1,9,3],[9,5,9,6]]}
[1,"CODEVASF",null,null," COMPOSIÇÃO DE PREÇO UNITÁRIO",null,null,null,{"$f":"H11","v":17519.939999999999},{"$f":"H13","v":21260.45},"BDI CALCULADO:",null,{"$f":"ORÇAMENTO!I6","v":0.21350000000000002}]
[null,"OBRA:  ",{"$f":"ORÇAMENTO!C5","v":" PAVIMENTAÇÃO ASFÁLTICA EM CBUQ - DIVERSAS RUAS (BURITIZEIRO / MG)"},null,null,null,"DATA: ",{"$f":"ORÇAMENTO!C6","v":" JULHO / 2023   "},null,null,"BDI DIFERENCIADO:",null,{"$f":"'BDI FORN'!D31/100","v":0.15}]
[null,"SERVIÇO:  ",{"$f":"VLOOKUP(A1,ORÇAMENTO!A10:I28,3)","v":"MOBILIZAÇÃO E DESMOBILIZAÇÃO"},null,"Referência:","CPU.1","UNIDADE: ",{"$f":"VLOOKUP(A1,ORÇAMENTO!A10:I28,5)","v":"GL"}]
[]
[null,"TIPO ITEM","CODIGO ITEM","DESCRIÇÃO ITEM","UNIDADE ITEM","COEFICIENTE","PRECO UNITARIO","CUSTO TOTAL"]
[null,"COMPOSICAO",89876,"CAMINHÃO BASCULANTE 14 M3, COM CAVALO MECÂNICO DE CAPACIDADE MÁXIMA DE TRAÇÃO COMBINADO DE 36000 KG, POTÊNCIA 286 CV, INCLUSIVE SEMIREBOQUE COM CAÇAMBA METÁLICA ","CHP DIURNO.",8,298.23,{"$f":"ROUNDDOWN(F6*G6,2)","v":2385.84}]
[null,"COMPOSICAO",89877,"CAMINHÃO BASCULANTE 14 M3, COM CAVALO MECÂNICO DE CAPACIDADE MÁXIMA DE TRAÇÃO COMBINADO DE 36000 KG, POTÊNCIA 286 CV, INCLUSIVE SEMIREBOQUE TRAÇÃO ","CHI DIURNO.",8,79.41,{"$f":"ROUNDDOWN(F7*G7,2)","v":635.28}]
[null,"COMPOSICAO",5914640,"TRANSPORTE COM CAVALO MECÂNICO COM SEMIRREBOQUE COM CAPACIDADE DE 30 T - RODOVIA PAVIMENTADA","T.KM",9191,0.59,5422.69]
[null,"COMPOSIÇÃO",88316,"SERVENTE COM ENCARGOS COMPLEMENTARES","H",16,19.760000000000002,316.16000000000003]
[null,"PRODUÇÃO DA EQUIPE",null,null,0.5,"CUSTO ",null,{"$f":"SUM(H6:H9)","v":8759.9699999999993}]
[null,"TOTAL",{"$nulls":5},{"$f":"H10/E10","v":17519.939999999999},"OK"]
[null,"BDI                %",{"$nulls":5},{"$f":"1+$M$1","v":1.2135}]
[null,"TOTAL DO SERVIÇO - R$",{"$nulls":5},{"$f":"ROUND(H11*H12,2)","v":21260.45}]
[]
[{"$f":"A1+1","v":2},"CODEVASF",null,null," COMPOSIÇÃO DE PREÇO UNITÁRIO",null,null,null,{"$f":"H30","v":216204.48},{"$f":"H32","v":262364.14}]
[null,"OBRA:  ",{"$f":"$C$2","v":" PAVIMENTAÇÃO ASFÁLTICA EM CBUQ - DIVERSAS RUAS (BURITIZEIRO / MG)"},null,null,null,"DATA: ",{"$f":"$H$2","v":" JULHO / 2023   "}]
[null,"SERVIÇO:  ",{"$f":"VLOOKUP(A15,ORÇAMENTO!$A$10:$I$28,3)","v":"ADMINISTRAÇÃO LOCAL"},null,"SINAPI","CPU.2","UNIDADE: ",{"$f":"VLOOKUP(A15,ORÇAMENTO!$A$10:$I$28,5)","v":"GL"}]
[]
[null,"TIPO ITEM","CODIGO ITEM","DESCRIÇÃO ITEM","UNIDADE ITEM","COEFICIENTE","PRECO UNITARIO","CUSTO TOTAL"]
[null,"INSUMO",14250,"ENERGIA ELÉTRICA","kwh",80,0.82,{"$f":"ROUNDDOWN(F20*G20,2)","v":65.599999999999994}]
[null,"INSUMO",44480,"TARIFA FORNECIMENTO DE ÁGUA/ESGOTO ","M3",6,15.7,94.2]
[null,"COTAÇÃO","MERC.","TELEFONE (PLANO CONTROLE)","UNID",2,59.99,119.98]
[null,"INSUMO","ED-50155 SEINFRA","BANHEIRO QUÍMICO 110 X 120 X 230 CM COM MANUTENÇÃO (CONSIDERANDO OBRAS SIMULTÂNEAS)","MÊS",2,820,1640]
[null,"COMPOSICAO",90777,"Engenheiro Civil Júnior com encargos complementares","H",110,114.12,12553.2]
[null,"COMPOSICAO",90776,"Encarregado Geral com encargos complementares","H",220,57.73,12700.6]
[null,"COMPOSICAO",88321,"Tecnico de Laboratório com encargos complementares","H",110,45.67,5023.7]
[null,"COMPOSICAO",100309,"Tecnico em Segurança do Trabalho com encargos complementares","H",55,45.93,2526.15]
[null,"COMPOSICAO",90772,"Auxiliar de escritório com encargos complementares","H",55,23.83,1310.6500000000001]
[null,"PRODUÇÃO DA EQUIPE",null,null,{"$f":"1/6","v":0.16666666666666666},"CUSTO ",null,{"$f":"SUM(H20:H28)","v":36034.080000000002}]
[null,"TOTAL",{"$nulls":5},{"$f":"ROUND(H29/E29,2)","v":216204.48},"OK"]
[null,"BDI                %",{"$nulls":5},{"$f":"1+$M$1","v":1.2135}]
[null,"TOTAL DO SERVIÇO - R$",{"$nulls":5},{"$f":"ROUND(H30*H31,2)","v":262364.14}]
[]
[{"$f":"A15+1","v":3},"CODEVASF",null,null," COMPOSIÇÃO DE PREÇO UNITÁRIO",null,null,null,{"$f":"H46","v":16566.900000000001},{"$f":"H48","v":20103.93}]
[null,"OBRA:  ",{"$f":"$C$2","v":" PAVIMENTAÇÃO ASFÁLTICA EM CBUQ - DIVERSAS RUAS (BURITIZEIRO / MG)"},null,null,null,"DATA: ",{"$f":"$H$2","v":" JULHO / 2023   "}]
[null,"SERVIÇO:  ",{"$f":"VLOOKUP(A34,ORÇAMENTO!$A$10:$I$28,3)","v":"CANTEIRO DE OBRAS"},null,"SINAPI",{"$f":"VLOOKUP(A34,ORÇAMENTO!$A$10:$I$28,4)","v":"CPU.3"},"UNIDADE: ",{"$f":"VLOOKUP(A34,ORÇAMENTO!$A$10:$I$28,5)","v":"GL"}]
[]
[null,"TIPO ITEM","CODIGO ITEM","DESCRIÇÃO ITEM","UNIDADE ITEM","COEFICIENTE","PRECO UNITARIO","CUSTO TOTAL"]
[null,"INSUMO",10775,"LOCACAO DE CONTAINER COM 1 SANITARIO, PARA ESCRITORIO,COMPLETO, SEM DIVISORIAS INTERNAS","MÊS",6,925,{"$f":"ROUNDDOWN(F39*G39,2)","v":5550}]
[null,"INSUMO",10779,"LOCACAO DE CONTAINER P/ SANITARIO, C/ 5 BACIAS, 1 LAVATORIO E 4 MICTORIOS","MÊS",6,1156.25,6937.5]
[null,"COMPOSIÇÃO",100382,"FABRICAÇÃO E INSTALAÇÃO DE PONTALETES DE MADEIRA NÃO APARELHADA PARA TELHADOS COM TELHA ONDULADA DE FIBROCIMENTO","M2",48,34.409999999999997,1651.68]
[null,"COMPOSIÇÃO",94207,"TELHAMENTO COM TELHA ONDULADA DE FIBROCIMENTO E = 6 MM","M2",48,42.89,2058.7199999999998]
[null,"INSUMO","37525","TELA PLASTICA TECIDA LISTRADA BRANCA E LARANJA, TIPO GUARDA CORPO, EM POLIETILENO MONOFILADO, ROLO 1,20 X 50 M (L X C)","M",100,3.69,369]
[{"$nulls":7},0]
[null,"PRODUÇÃO DA EQUIPE",null,null,1,"CUSTO ",null,{"$f":"SUM(H39:H44)","v":16566.900000000001}]
[null,"TOTAL",{"$nulls":5},{"$f":"H45/E45","v":16566.900000000001},"OK"]
[null,"BDI                %",{"$nulls":5},{"$f":"1+$M$1","v":1.2135}]
[null,"TOTAL DO SERVIÇO - R$",{"$nulls":5},{"$f":"ROUND(H46*H47,2)","v":20103.93}]
[]
[{"$f":"A34+1","v":4},"CODEVASF",null,null," COMPOSIÇÃO DE PREÇO UNITÁRIO",null,null,null,{"$f":"H64","v":308.09000000000003},{"$f":"H66","v":373.87}]
[null,"OBRA:  ",{"$f":"$C$2","v":" PAVIMENTAÇÃO ASFÁLTICA EM CBUQ - DIVERSAS RUAS (BURITIZEIRO / MG)"},null,null,null,"DATA: ",{"$f":"$H$2","v":" JULHO / 2023   "}]
[null,"SERVIÇO:  ",{"$f":"VLOOKUP(A50,ORÇAMENTO!$A$10:$I$28,3)","v":"PLACA DE OBRA EM CHAPA DE AÇO GALVANIZADO"},null,"SINAPI",{"$f":"VLOOKUP(A50,ORÇAMENTO!$A$10:$I$28,4)","v":103689},"UNIDADE: ",{"$f":"VLOOKUP(A50,ORÇAMENTO!$A$10:$I$28,5)","v":"M2"}]
[]
[null,"TIPO ITEM","CODIGO ITEM","DESCRIÇÃO ITEM","UNIDADE ITEM","COEFICIENTE","PRECO UNITARIO","CUSTO TOTAL"]
[null,"INSUMO","4509","SARRAFO *2,5 X 10* CM EM PINUS, MISTA OU EQUIVALENTE DA REGIAO - BRUTA","M","3,2083000","4,40",{"$f":"ROUNDDOWN(F55*G55,2)","v":14.11}]
[null,"INSUMO","4813","PLACA DE OBRA (PARA CONSTRUCAO CIVIL) EM CHAPA GALVANIZADA *N. 22*, ADESIVADA, DE *2,4 X 1,2* M (SEM POSTES PARA FIXACAO)","M2","1,0000000","250,00",250]
[null,"INSUMO","5065","PREGO DE ACO POLIDO COM CABECA 10 X 10 ","KG","0,0113000","38,80",0.43]
[null,"INSUMO","5069","PREGO DE ACO POLIDO COM CABECA 17 X 27 ","KG","0,0132000","20,79",0.27]
[null,"COMPOSICAO","88262","CARPINTEIRO DE FORMAS COM ENCARGOS COMPLEMENTARES","H","0,3729000","27,05",10.08]
[null,"COMPOSICAO","88316","SERVENTE COM ENCARGOS COMPLEMENTARES","H","1,1186000","19,76",22.1]
[null,"COMPOSICAO","102234","PINTURA IMUNIZANTE PARA MADEIRA, 2 DEMÃOS","M2","0,5000000","22,20",11.1]
[{"$nulls":7},0]
[null,"PRODUÇÃO DA EQUIPE",null,null,1,"CUSTO ",null,{"$f":"SUM(H55:H62)","v":308.09000000000003}]
[null,"TOTAL",{"$nulls":5},{"$f":"H63/E63","v":308.09000000000003},"OK"]
[null,"BDI                %",{"$nulls":5},{"$f":"1+$M$1","v":1.2135}]
[null,"TOTAL DO SERVIÇO - R$",{"$nulls":5},{"$f":"ROUND(H64*H65,2)","v":373.87}]
[]
[{"$f":"A50+1","v":5},"CODEVASF",null,null," COMPOSIÇÃO DE PREÇO UNITÁRIO",null,null,null,{"$f":"H76","v":0.67},{"$f":"H78","v":0.81}]
[null,"OBRA:  ",{"$f":"$C$2","v":" PAVIMENTAÇÃO ASFÁLTICA EM CBUQ - DIVERSAS RUAS (BURITIZEIRO / MG)"},null,null,null,"DATA: ",{"$f":"$H$2","v":" JULHO / 2023   "}]
[null,"SERVIÇO:  ",{"$f":"VLOOKUP(A68,ORÇAMENTO!$A$10:$I$28,3)","v":"LOCAÇÃO DE PAVIMENTAÇÃO"},null,"SINAPI",{"$f":"VLOOKUP(A68,ORÇAMENTO!$A$10:$I$28,4)","v":99064},"UNIDADE: ",{"$f":"VLOOKUP(A68,ORÇAMENTO!$A$10:$I$28,5)","v":"M"}]
[]
[null,"TIPO ITEM","CODIGO ITEM","DESCRIÇÃO ITEM","UNIDADE ITEM","COEFICIENTE","PRECO UNITARIO","CUSTO TOTAL"]
[null,"COMPOSICAO","99058","LOCAÇÃO DE PONTO PARA REFERÊNCIA TOPOGRÁFICA","UN","0,0500000","13,42",{"$f":"ROUNDDOWN(F73*G73,2)","v":0.67}]
[{"$nulls":7},{"$f":"ROUNDDOWN(F74*G74,2)","v":0}]
[null,"PRODUÇÃO DA EQUIPE",null,null,1,"CUSTO ",null,{"$f":"SUM(H73:H74)","v":0.67}]
[null,"TOTAL",{"$nulls":5},{"$f":"H75/E75","v":0.67},"OK"]
[null,"BDI                %",{"$nulls":5},{"$f":"1+$M$1","v":1.2135}]
[null,"TOTAL DO SERVIÇO - R$",{"$nulls":5},{"$f":"ROUND(H76*H77,2)","v":0.81}]
[]
[{"$f":"A68+1","v":6},"CODEVASF",null,null," COMPOSIÇÃO DE PREÇO UNITÁRIO",null,null,null,{"$f":"H89","v":1.8900000000000001},{"$f":"H91","v":2.29}]
[null,"OBRA:  ",{"$f":"$C$2","v":" PAVIMENTAÇÃO ASFÁLTICA EM CBUQ - DIVERSAS RUAS (BURITIZEIRO / MG)"},null,null,null,"DATA: ",{"$f":"$H$2","v":" JULHO / 2023   "}]
[null,"SERVIÇO:  ",{"$f":"VLOOKUP(A80,ORÇAMENTO!$A$10:$I$28,3)","v":"ESCAVAÇÃO HORIZONTAL EM SOLO DE 1A CATEGORIA "},null,"SINAPI",{"$f":"VLOOKUP(A80,ORÇAMENTO!$A$10:$I$28,4)","v":101116},"UNIDADE: ",{"$f":"VLOOKUP(A80,ORÇAMENTO!$A$10:$I$28,5)","v":"M3"}]
[]
[null,"TIPO ITEM","CODIGO ITEM","DESCRIÇÃO ITEM","UNIDADE ITEM","COEFICIENTE","PRECO UNITARIO","CUSTO TOTAL"]
[null,"COMPOSICAO","5847","TRATOR DE ESTEIRAS, POTÊNCIA 170 HP, PESO OPERACIONAL 19 T, CAÇAMBA 5,2 M3","CHP","0,0048000","223,32",{"$f":"ROUNDDOWN(F85*G85,2)","v":1.07}]
[null,"COMPOSICAO","5849","TRATOR DE ESTEIRAS, POTÊNCIA 170 HP, PESO OPERACIONAL 19 T, CAÇAMBA 5,2 M3 ","CHI","0,0082000","70,10",0.56999999999999995]
[null,"COMPOSICAO","88316","SERVENTE COM ENCARGOS COMPLEMENTARES","H","0,0131000","19,76",0.25]
[null,"PRODUÇÃO DA EQUIPE",null,null,1,"CUSTO ",null,{"$f":"SUM(H85:H87)","v":1.8900000000000001}]
[null,"TOTAL",{"$nulls":5},{"$f":"H88/E88","v":1.8900000000000001},"OK"]
[null,"BDI                %",{"$nulls":5},{"$f":"1+$M$1","v":1.2135}]
[null,"TOTAL DO SERVIÇO - R$",{"$nulls":5},{"$f":"ROUND(H89*H90,2)","v":2.29}]
[]
[7,"CODEVASF",null,null," COMPOSIÇÃO DE PREÇO UNITÁRIO",null,null,null,{"$f":"H103","v":6.49},{"$f":"H105","v":7.88}]
[null,"OBRA:  ",{"$f":"$C$2","v":" PAVIMENTAÇÃO ASFÁLTICA EM CBUQ - DIVERSAS RUAS (BURITIZEIRO / MG)"},null,null,null,"DATA: ",{"$f":"$H$2","v":" JULHO / 2023   "}]
[null,"SERVIÇO:  ",{"$f":"VLOOKUP(A93,ORÇAMENTO!$A$10:$I$28,3)","v":"CARGA, MANOBRA E DESCARGA DE SOLOS E MATERIAIS GRANULARES EM CAMINHÃO BASCULANTE"},null,"SINAPI",{"$f":"VLOOKUP(A93,ORÇAMENTO!$A$10:$I$28,4)","v":100976},"UNIDADE: ",{"$f":"VLOOKUP(A93,ORÇAMENTO!$A$10:$I$28,5)","v":"M3"}]
[]
[null,"TIPO ITEM","CODIGO ITEM","DESCRIÇÃO ITEM","UNIDADE ITEM","COEFICIENTE","PRECO UNITARIO","CUSTO TOTAL"]
[null,"COMPOSICAO","5940","PÁ CARREGADEIRA SOBRE RODAS, POTÊNCIA LÍQUIDA 128 HP, CAPACIDADE DA CAÇAMBA 1,7 A 2,8 M3, PESO OPERACIONAL 11632 KG","CHP","0,0083000","204,94",{"$f":"ROUNDDOWN(F98*G98,2)","v":1.7}]
[null,"COMPOSICAO","5942","PÁ CARREGADEIRA SOBRE RODAS, POTÊNCIA LÍQUIDA 128 HP, CAPACIDADE DA CAÇAMBA 1,7 A 2,8 M3, PESO OPERACIONAL 11632 KG ","CHI","0,0074000","82,36",0.6]
[null,"COMPOSICAO","89883","CAMINHÃO BASCULANTE 18 M3, COM CAVALO MECÂNICO DE CAPACIDADE MÁXIMA DE TRAÇÃO COMBINADO DE 45000 KG, POTÊNCIA 330 CV, INCLUSIVE SEMIREBOQUE COM CAÇAMBA METÁLICA ","CHP",1.040053E-2,"328,78",3.41]
[null,"COMPOSICAO","89884","CAMINHÃO BASCULANTE 18 M3, COM CAVALO MECÂNICO DE CAPACIDADE MÁXIMA DE TRAÇÃO COMBINADO DE 45000 KG, POTÊNCIA 330 CV, INCLUSIVE SEMIREBOQUE COM CAÇAMBA METÁLICA","CHI","0,0095000","82,93",0.78]
[null,"PRODUÇÃO DA EQUIPE",null,null,1,"CUSTO ",null,{"$f":"SUM(H98:H101)","v":6.49}]
[null,"TOTAL",{"$nulls":5},{"$f":"H102/E102","v":6.49},"OK"]
[null,"BDI                %",{"$nulls":5},{"$f":"1+$M$1","v":1.2135}]
[null,"TOTAL DO SERVIÇO - R$",{"$nulls":5},{"$f":"ROUND(H103*H104,2)","v":7.88}]
[]
[8,"CODEVASF",null,null," COMPOSIÇÃO DE PREÇO UNITÁRIO",null,null,null,{"$f":"H121","v":1.1100000000000001},{"$f":"H123","v":1.35}]
[null,"OBRA:  ",{"$f":"$C$2","v":" PAVIMENTAÇÃO ASFÁLTICA EM CBUQ - DIVERSAS RUAS (BURITIZEIRO / MG)"},null,null,null,"DATA: ",{"$f":"$H$2","v":" JULHO / 2023   "}]
[null,"SERVIÇO:  ",{"$f":"VLOOKUP(A107,ORÇAMENTO!$A$10:$I$28,3)","v":"REGULARIZAÇÃO E COMPACTAÇÃO DO SUBLEITO "},null,"SICRO",{"$f":"VLOOKUP(A107,ORÇAMENTO!$A$10:$I$28,4)","v":100577},"UNIDADE: ","M2"]
[]
[null,"TIPO ITEM","CODIGO ITEM","DESCRIÇÃO ITEM","UNIDADE ITEM","COEFICIENTE","PRECO UNITARIO","CUSTO TOTAL"]
[null,"COMPOSICAO","5901","CAMINHÃO PIPA 10.000 L TRUCADO, PESO BRUTO TOTAL 23.000 KG, CARGA ÚTIL MÁXIMA 15.935 KG, DISTÂNCIA ENTRE EIXOS 4,8 M, POTÊNCIA 230 CV, INCLUSIVE TANQUE DE AÇO PARA TRANSPORTE DE ÁGUA ","CHP","0,0010000","277,01",{"$f":"ROUNDDOWN(F112*G112,2)","v":0.27}]
[null,"COMPOSICAO","5903","CAMINHÃO PIPA 10.000 L TRUCADO, PESO BRUTO TOTAL 23.000 KG, CARGA ÚTIL MÁXIMA 15.935 KG, DISTÂNCIA ENTRE EIXOS 4,8 M, POTÊNCIA 230 CV, INCLUSIVE TANQUE DE AÇO PARA TRANSPORTE DE ÁGUA ","CHI","0,0020000","63,63",{"$f":"ROUNDDOWN(F113*G113,2)","v":0.12}]
[null,"COMPOSICAO","5932","MOTONIVELADORA POTÊNCIA BÁSICA LÍQUIDA (PRIMEIRA MARCHA) 125 HP, PESO BRUTO 13032 KG, LARGURA DA LÂMINA DE 3,7 M","CHP","0,0001000","240,68",0.02]
[null,"COMPOSICAO","5934","MOTONIVELADORA POTÊNCIA BÁSICA LÍQUIDA (PRIMEIRA MARCHA) 125 HP, PESO BRUTO 13032 KG, LARGURA DA LÂMINA DE 3,7 M ","CHI","0,0030000","90,70",0.27]
[null,"COMPOSICAO","88316","SERVENTE COM ENCARGOS COMPLEMENTARES","H","0,0030000","19,76",0.05]
[null,"COMPOSICAO","96463","ROLO COMPACTADOR DE PNEUS, ESTATICO, PRESSAO VARIAVEL, POTENCIA 110 HP, PESO SEM/COM LASTRO 10,8/27 T, LARGURA DE ROLAGEM 2,30 M ","CHP","0,0010000","211,34",0.21]
[null,"COMPOSICAO","96464","ROLO COMPACTADOR DE PNEUS, ESTATICO, PRESSAO VARIAVEL, POTENCIA 110 HP, PESO SEM/COM LASTRO 10,8/27 T, LARGURA DE ROLAGEM 2,30 M","CHI","0,0020000","86,84",0.17]
[]
[null,"PRODUÇÃO DA EQUIPE",null,null,1,"CUSTO ",null,{"$f":"SUM(H112:H119)","v":1.1100000000000001}]
[null,"TOTAL",{"$nulls":5},{"$f":"H120/E120","v":1.1100000000000001},"OK"]
[null,"BDI                %",{"$nulls":5},{"$f":"1+$M$1","v":1.2135}]
[null,"TOTAL DO SERVIÇO - R$",{"$nulls":5},{"$f":"ROUND(H121*H122,2)","v":1.35}]
[]
[9,"CODEVASF",null,null," COMPOSIÇÃO DE PREÇO UNITÁRIO",null,null,null,{"$f":"H142","v":11.25},{"$f":"H144","v":13.65}]
[null,"OBRA:  ",{"$f":"$C$2","v":" PAVIMENTAÇÃO ASFÁLTICA EM CBUQ - DIVERSAS RUAS (BURITIZEIRO / MG)"},null,null,null,"DATA: ",{"$f":"$H$2","v":" JULHO / 2023   "}]
[null,"SERVIÇO:  ",{"$f":"VLOOKUP(A125,ORÇAMENTO!$A$10:$I$28,3)","v":"EXECUÇÃO E COMPACTAÇÃO DE BASE E OU SUB BASE PARA PAVIMENTAÇÃO DE SOLOS DE COMPORTAMENTO LATERÍTICO - EXCLUSIVE SOLO, ESCAVAÇÃO, CARGA E TRANSPORTE (CASCALHO FORNECIDO PELA PREFEITURA)"},null,"SINAPI",{"$f":"VLOOKUP(A125,ORÇAMENTO!$A$10:$I$28,4)","v":96388},"UNIDADE: ",{"$f":"VLOOKUP(A125,ORÇAMENTO!$A$10:$I$28,5)","v":"M3"}]
[]
[null,"TIPO ITEM","CODIGO ITEM","DESCRIÇÃO ITEM","UNIDADE ITEM","COEFICIENTE","PRECO UNITARIO","CUSTO TOTAL"]
[null,"COMPOSICAO","5684","ROLO COMPACTADOR VIBRATÓRIO DE UM CILINDRO AÇO LISO, POTÊNCIA 80 HP, PESO OPERACIONAL MÁXIMO 8,1 T, IMPACTO DINÂMICO 16,15 / 9,5 T, LARGURA DE TRABALHO 1,68 M","CHP","0,0030000","152,10",{"$f":"ROUNDDOWN(F130*G130,2)","v":0.45}]
[null,"COMPOSICAO","5685","ROLO COMPACTADOR VIBRATÓRIO DE UM CILINDRO AÇO LISO, POTÊNCIA 80 HP, PESO OPERACIONAL MÁXIMO 8,1 T, IMPACTO DINÂMICO 16,15 / 9,5 T, LARGURA DE TRABALHO 1,68 M","CHI","0,0230000","61,31",1.41]
[null,"COMPOSICAO","5901","CAMINHÃO PIPA 10.000 L TRUCADO, PESO BRUTO TOTAL 23.000 KG, CARGA ÚTIL MÁXIMA 15.935 KG, DISTÂNCIA ENTRE EIXOS 4,8 M, POTÊNCIA 230 CV, INCLUSIVE TANQUE DE AÇO PARA TRANSPORTE DE ÁGUA","CHP","0,0040000","277,01",1.1000000000000001]
[null,"COMPOSICAO","5903","CAMINHÃO PIPA 10.000 L TRUCADO, PESO BRUTO TOTAL 23.000 KG, CARGA ÚTIL MÁXIMA 15.935 KG, DISTÂNCIA ENTRE EIXOS 4,8 M, POTÊNCIA 230 CV, INCLUSIVE TANQUE DE AÇO PARA TRANSPORTE DE ÁGUA","CHI","0,0220000","63,63",1.39]
[null,"COMPOSICAO","5932","MOTONIVELADORA POTÊNCIA BÁSICA LÍQUIDA (PRIMEIRA MARCHA) 125 HP, PESO BRUTO 13032 KG, LARGURA DA LÂMINA DE 3,7 M ","CHP","0,0080000","240,68",1.92]
[null,"COMPOSICAO","5934","MOTONIVELADORA POTÊNCIA BÁSICA LÍQUIDA (PRIMEIRA MARCHA) 125 HP, PESO BRUTO 13032 KG, LARGURA DA LÂMINA DE 3,7 M","CHI","0,0190000","90,70",1.72]
[null,"INSUMO",null,"CASCALHO DE CAVA (FORNECIMENTO PREFEITURA)","M3",1,null,0]
[null,"COMPOSICAO","88316","SERVENTE COM ENCARGOS COMPLEMENTARES","H","0,0260000","19,76",0.51]
[null,"COMPOSICAO","96463","ROLO COMPACTADOR DE PNEUS, ESTATICO, PRESSAO VARIAVEL, POTENCIA 110 HP, PESO SEM/COM LASTRO 10,8/27 T, LARGURA DE ROLAGEM 2,30 M","CHP","0,0040000","211,34",0.84]
[null,"COMPOSICAO","96464","ROLO COMPACTADOR DE PNEUS, ESTATICO, PRESSAO VARIAVEL, POTENCIA 110 HP, PESO SEM/COM LASTRO 10,8/27 T, LARGURA DE ROLAGEM 2,30 M ","CHI","0,0220000","86,84",1.91]
[{"$nulls":7},0]
[null,"PRODUÇÃO DA EQUIPE",null,null,1,"CUSTO ",null,{"$f":"SUM(H130:H140)","v":11.25}]
[null,"TOTAL",{"$nulls":5},{"$f":"H141/E141","v":11.25},"OK"]
[null,"BDI                %",{"$nulls":5},{"$f":"1+$M$1","v":1.2135}]
[null,"TOTAL DO SERVIÇO - R$",{"$nulls":5},{"$f":"ROUND(H142*H143,2)","v":13.65}]
[]
[10,"CODEVASF",null,null," COMPOSIÇÃO DE PREÇO UNITÁRIO",null,null,null,{"$f":"H161","v":1.08},{"$f":"H163","v":1.31}]
[null,"OBRA:  ",{"$f":"$C$2","v":" PAVIMENTAÇÃO ASFÁLTICA EM CBUQ - DIVERSAS RUAS (BURITIZEIRO / MG)"},null,null,null,"DATA: ",{"$f":"$H$2","v":" JULHO / 2023   "}]
[null,"SERVIÇO:  ",{"$f":"VLOOKUP(A146,ORÇAMENTO!$A$10:$I$28,3)","v":"IMPRIMAÇÃO COM EMULSÃO ASFÁLTICA (EAI)"},null,"SINAPI",{"$f":"VLOOKUP(A146,ORÇAMENTO!$A$10:$I$28,4)","v":96401},"UNIDADE: ",{"$f":"VLOOKUP(A146,ORÇAMENTO!$A$10:$I$28,5)","v":"M2"}]
[]
[null,"TIPO ITEM","CODIGO ITEM","DESCRIÇÃO ITEM","UNIDADE ITEM","COEFICIENTE","PRECO UNITARIO","CUSTO TOTAL"]
[null,"COMPOSICAO",5839,"VASSOURA MECÂNICA REBOCÁVEL COM ESCOVA CILÍNDRICA, LARGURA ÚTIL DE VARRIMENTO DE 2,44 M ","CHP","0,0020000",10.28,{"$f":"ROUNDDOWN(F151*G151,2)","v":0.02}]
[null,"COMPOSICAO",5841,"VASSOURA MECÂNICA REBOCÁVEL COM ESCOVA CILÍNDRICA, LARGURA ÚTIL DE VARRIMENTO DE 2,44 M ","CHI","0,0040000",4.8899999999999997,0.01]
[null,"INSUMO","ANP","EMULSÃO ASFÁLTICA PARA IMPRIMAÇÃO (FORNECIMENTO COM BDI DIFERENCIADO)","T",{"$f":"1.3/1000","v":1.2999999999999999E-3},null,0]
[null,"COMPOSICAO",83362,"ESPARGIDOR DE ASFALTO PRESSURIZADO, TANQUE 6 M3 COM ISOLAÇÃO TÉRMICA, AQUECIDO COM 2 MAÇARICOS, COM BARRA ESPARGIDORA 3,60 M, MONTADO SOBRE CAMINHÃO  TOCO, PBT 14.300 KG, POTÊNCIA 185 CV","CHP","0,0010000",243.5,0.24]
[null,"COMPOSICAO",88316,"SERVENTE COM ENCARGOS COMPLEMENTARES","H","0,0060000",19.760000000000002,0.11]
[null,"COMPOSICAO",89035,"TRATOR DE PNEUS, POTÊNCIA 85 CV, TRAÇÃO 4X4, PESO COM LASTRO DE 4.675 KG ","CHP","0,0020000",116.73,0.23]
[null,"COMPOSICAO",89036,"TRATOR DE PNEUS, POTÊNCIA 85 CV, TRAÇÃO 4X4, PESO COM LASTRO DE 4.675 KG ","CHI","0,0040000",43.55,0.17]
[null,"COMPOSICAO",91486,"ESPARGIDOR DE ASFALTO PRESSURIZADO, TANQUE 6 M3 COM ISOLAÇÃO TÉRMICA, AQUECIDO COM 2 MAÇARICOS, COM BARRA ESPARGIDORA 3,60 M, MONTADO SOBRE CAMINHÃO  TOCO, PBT 14.300 KG, POTÊNCIA 185 CV","CHI","0,0050000",61.96,0.3]
[{"$nulls":7},0]
[null,"PRODUÇÃO DA EQUIPE",null,null,1,"CUSTO ",null,{"$f":"SUM(H151:H159)","v":1.08}]
[null,"TOTAL",{"$nulls":5},{"$f":"H160/E160","v":1.08},"OK"]
[null,"BDI                %",{"$nulls":5},{"$f":"1+$M$1","v":1.2135}]
[null,"TOTAL DO SERVIÇO - R$",{"$nulls":5},{"$f":"ROUND(H161*H162,2)","v":1.31}]
[]
[11,"CODEVASF",null,null," COMPOSIÇÃO DE PREÇO UNITÁRIO",null,null,null,{"$f":"H180","v":0.88000000000000012},{"$f":"H182","v":1.07}]
[null,"OBRA:  ",{"$f":"$C$2","v":" PAVIMENTAÇÃO ASFÁLTICA EM CBUQ - DIVERSAS RUAS (BURITIZEIRO / MG)"},null,null,null,"DATA: ",{"$f":"$H$2","v":" JULHO / 2023   "}]
[null,"SERVIÇO:  ",{"$f":"VLOOKUP(A165,ORÇAMENTO!$A$10:$I$28,3)","v":"PINTURA DE LIGAÇÃO COM EMULSÃO ASFÁLTICA RR-2C"},null,"SINAPI",{"$f":"VLOOKUP(A165,ORÇAMENTO!$A$10:$I$28,4)","v":96402},"UNIDADE: ","M2"]
[]
[null,"TIPO ITEM","CODIGO ITEM","DESCRIÇÃO ITEM","UNIDADE ITEM","COEFICIENTE","PRECO UNITARIO","CUSTO TOTAL"]
[null,"COMPOSICAO",5839,"VASSOURA MECÂNICA REBOCÁVEL COM ESCOVA CILÍNDRICA, LARGURA ÚTIL DE VARRIMENTO DE 2,44 M ","CHP","0,0020000",10.28,{"$f":"ROUNDDOWN(F170*G170,2)","v":0.02}]
[null,"COMPOSICAO",5841,"VASSOURA MECÂNICA REBOCÁVEL COM ESCOVA CILÍNDRICA, LARGURA ÚTIL DE VARRIMENTO DE 2,44 M ","CHI","0,0040000",4.8899999999999997,0.01]
[null,"INSUMO","ANP","EMULSAO ASFALTICA CATIONICA RR-2C PARA USO EM PAVIMENTACAO ASFALTICA (COLETADO CAIXA NA ANP ACRESCIDO DE ICMS)","KG","0,4500000",null,0]
[null,"COMPOSICAO",83362,"ESPARGIDOR DE ASFALTO PRESSURIZADO, TANQUE 6 M3 COM ISOLAÇÃO TÉRMICA, AQUECIDO COM 2 MAÇARICOS, COM BARRA ESPARGIDORA 3,60 M, MONTADO SOBRE CAMINHÃO  TOCO, PBT 14.300 KG, POTÊNCIA 185 CV ","CHP","0,0004000",243.5,0.09]
[null,"COMPOSICAO",88316,"SERVENTE COM ENCARGOS COMPLEMENTARES","H","0,0055000",19.760000000000002,0.1]
[null,"COMPOSICAO",89035,"TRATOR DE PNEUS, POTÊNCIA 85 CV, TRAÇÃO 4X4, PESO COM LASTRO DE 4.675 KG ","CHP","0,0017000",116.73,0.19]
[null,"COMPOSICAO",89036,"TRATOR DE PNEUS, POTÊNCIA 85 CV, TRAÇÃO 4X4, PESO COM LASTRO DE 4.675 KG ","CHI","0,0038000",43.55,0.16]
[null,"COMPOSICAO",91486,"ESPARGIDOR DE ASFALTO PRESSURIZADO, TANQUE 6 M3 COM ISOLAÇÃO TÉRMICA, AQUECIDO COM 2 MAÇARICOS, COM BARRA ESPARGIDORA 3,60 M, MONTADO SOBRE CAMINHÃO  TOCO, PBT 14.300 KG, POTÊNCIA 185 CV ","CHI","0,0051000",61.96,0.31]
[{"$nulls":7},0]
[null,"PRODUÇÃO DA EQUIPE",null,null,1,"CUSTO ",null,{"$f":"SUM(H170:H178)","v":0.88000000000000012}]
[null,"TOTAL",{"$nulls":5},{"$f":"H179/E179","v":0.88000000000000012},"OK"]
[null,"BDI                %",{"$nulls":5},{"$f":"1+$M$1","v":1.2135}]
[null,"TOTAL DO SERVIÇO - R$",{"$nulls":5},{"$f":"ROUND(H180*H181,2)","v":1.07}]
[]
[12,"CODEVASF",null,null," COMPOSIÇÃO DE PREÇO UNITÁRIO",null,null,null,{"$f":"H202","v":114.09},{"$f":"H204","v":138.44999999999999}]
[null,"OBRA:  ",{"$f":"$C$2","v":" PAVIMENTAÇÃO ASFÁLTICA EM CBUQ - DIVERSAS RUAS (BURITIZEIRO / MG)"},null,null,null,"DATA: ",{"$f":"$H$2","v":" JULHO / 2023   "}]
[null,"SERVIÇO:  ",{"$f":"VLOOKUP(A184,ORÇAMENTO!$A$10:$I$28,3)","v":"EXECUÇÃO DE PAVIMENTO COM APLICAÇÃO DE CONCRETO ASFÁLTICO USINADO A QUENTE (CBUQ), CAMADA DE ROLAMENTO - EXCLUSIVE TRANSPORTE"},null,"SINAPI",{"$f":"VLOOKUP(A184,ORÇAMENTO!$A$10:$I$28,4)","v":95995},"UNIDADE: ",{"$f":"VLOOKUP(A184,ORÇAMENTO!$A$10:$I$28,5)","v":"M3"}]
[]
[null,"TIPO ITEM","CODIGO ITEM","DESCRIÇÃO ITEM","UNIDADE ITEM","COEFICIENTE","PRECO UNITARIO","CUSTO TOTAL"]
[null,"INSUMO","COTAÇÃO","CONCRETO BETUMINOSO USINADO A QUENTE (CBUQ) PARA PAVIMENTACAO ASFALTICA, PADRAO DNIT, FAIXA C, COM CAP 50/70 - AQUISICAO POSTO USINA (FORNECIMENTO COM BDI DIFERENCIADO)","T","2,5548000",null,{"$f":"ROUNDDOWN(F189*G189,2)","v":0}]
[null,"COMPOSICAO","5835","VIBROACABADORA DE ASFALTO SOBRE ESTEIRAS, LARGURA DE PAVIMENTAÇÃO 1,90 M A 5,30 M, POTÊNCIA 105 HP CAPACIDADE 450 T/H","CHP","0,0464000","372,60",17.28]
[null,"COMPOSICAO","5837","VIBROACABADORA DE ASFALTO SOBRE ESTEIRAS, LARGURA DE PAVIMENTAÇÃO 1,90 M A 5,30 M, POTÊNCIA 105 HP CAPACIDADE 450 T/H ","CHI","0,0949000","142,07",13.48]
[null,"COMPOSICAO","88314","RASTELEIRO COM ENCARGOS COMPLEMENTARES","H","1,1301000","20,34",22.98]
[null,"COMPOSICAO","91386","CAMINHÃO BASCULANTE 10 M3, TRUCADO CABINE SIMPLES, PESO BRUTO TOTAL 23.000 KG, CARGA ÚTIL MÁXIMA 15.935 KG, DISTÂNCIA ENTRE EIXOS 4,80 M, POTÊNCIA 230 CV INCLUSIVE CAÇAMBA METÁLICA ","CHP","0,0464000","235,20",10.91]
[null,"COMPOSICAO","95631","ROLO COMPACTADOR VIBRATORIO TANDEM, ACO LISO, POTENCIA 125 HP, PESO SEM/COM LASTRO 10,20/11,65 T, LARGURA DE TRABALHO 1,73 M","CHP","0,0805000","219,54",17.670000000000002]
[null,"COMPOSICAO","95632","ROLO COMPACTADOR VIBRATORIO TANDEM, ACO LISO, POTENCIA 125 HP, PESO SEM/COM LASTRO 10,20/11,65 T, LARGURA DE TRABALHO 1,73 M","CHI","0,0607000","80,52",4.88]
[null,"COMPOSICAO","96155","TRATOR DE PNEUS COM POTÊNCIA DE 85 CV, TRAÇÃO 4X4, COM VASSOURA MECÂNICA ACOPLADA","CHI","0,1071000","48,22",5.16]
[null,"COMPOSICAO","96157","TRATOR DE PNEUS COM POTÊNCIA DE 85 CV, TRAÇÃO 4X4, COM VASSOURA MECÂNICA ACOPLADA","CHP","0,0341000","125,89",4.29]
[null,"COMPOSICAO","96463","ROLO COMPACTADOR DE PNEUS, ESTATICO, PRESSAO VARIAVEL, POTENCIA 110 HP, PESO SEM/COM LASTRO 10,8/27 T, LARGURA DE ROLAGEM 2,30 M ","CHP","0,0419000","211,34",8.85]
[null,"COMPOSICAO","96464","ROLO COMPACTADOR DE PNEUS, ESTATICO, PRESSAO VARIAVEL, POTENCIA 110 HP, PESO SEM/COM LASTRO 10,8/27 T, LARGURA DE ROLAGEM 2,30 M ","CHI","0,0990000","86,84",8.59]
[{"$nulls":7},0]
[null,"PRODUÇÃO DA EQUIPE",null,null,1,"CUSTO ",null,{"$f":"SUM(H189:H200)","v":114.09}]
[null,"TOTAL",{"$nulls":5},{"$f":"H201/E201","v":114.09},"OK"]
[null,"BDI                %",{"$nulls":5},{"$f":"1+$M$1","v":1.2135}]
[null,"TOTAL DO SERVIÇO - R$",{"$nulls":5},{"$f":"ROUND(H202*H203,2)","v":138.44999999999999}]
[]
[13,"CODEVASF",null,null," COMPOSIÇÃO DE PREÇO UNITÁRIO",null,null,null,{"$f":"H215","v":1.67},{"$f":"H217","v":2.0299999999999998}]
[null,"OBRA:  ",{"$f":"$C$2","v":" PAVIMENTAÇÃO ASFÁLTICA EM CBUQ - DIVERSAS RUAS (BURITIZEIRO / MG)"},null,null,null,"DATA: ",{"$f":"$H$2","v":" JULHO / 2023   "}]
[null,"SERVIÇO:  ",{"$f":"VLOOKUP(A206,ORÇAMENTO!$A$10:$I$28,3)","v":"TRANSPORTE COM CAMINHÃO BASCULANTE, EM VIA URBANA PAVIMENTADA"},null,"SINAPI",{"$f":"VLOOKUP(A206,ORÇAMENTO!$A$10:$I$28,4)","v":95877},"UNIDADE: ",{"$f":"VLOOKUP(A206,ORÇAMENTO!$A$10:$I$28,5)","v":"M3XKM"}]
[]
[null,"TIPO ITEM","CODIGO ITEM","DESCRIÇÃO ITEM","UNIDADE ITEM","COEFICIENTE","PRECO UNITARIO","CUSTO TOTAL"]
[null,"COMPOSICAO","89883","CAMINHÃO BASCULANTE 18 M3, COM CAVALO MECÂNICO DE CAPACIDADE MÁXIMA DE TRAÇÃO COMBINADO DE 45000 KG, POTÊNCIA 330 CV, INCLUSIVE SEMIREBOQUE COM CAÇAMBA METÁLICA","CHP","0,0046000",328.78,{"$f":"ROUNDDOWN(F211*G211,2)","v":1.51}]
[null,"COMPOSICAO","89884","CAMINHÃO BASCULANTE 18 M3, COM CAVALO MECÂNICO DE CAPACIDADE MÁXIMA DE TRAÇÃO COMBINADO DE 45000 KG, POTÊNCIA 330 CV, INCLUSIVE SEMIREBOQUE COM CAÇAMBA METÁLICA","CHI","0,0020000",82.93,0.16]
[{"$nulls":7},0]
[null,"PRODUÇÃO DA EQUIPE",null,null,1,"CUSTO ",null,{"$f":"SUM(H211:H213)","v":1.67}]
[null,"TOTAL",{"$nulls":5},{"$f":"H214/E214","v":1.67},"OK"]
[null,"BDI                %",{"$nulls":5},{"$f":"1+$M$1","v":1.2135}]
[null,"TOTAL DO SERVIÇO - R$",{"$nulls":5},{"$f":"ROUND(H215*H216,2)","v":2.0299999999999998}]
[]
[14,"CODEVASF",null,null," COMPOSIÇÃO DE PREÇO UNITÁRIO",null,null,null,{"$f":"H228","v":1.96},{"$f":"H230","v":2.38}]
[null,"OBRA:  ",{"$f":"$C$2","v":" PAVIMENTAÇÃO ASFÁLTICA EM CBUQ - DIVERSAS RUAS (BURITIZEIRO / MG)"},null,null,null,"DATA: ",{"$f":"$H$2","v":" JULHO / 2023   "}]
[null,"SERVIÇO:  ",{"$f":"VLOOKUP(A219,ORÇAMENTO!$A$10:$I$28,3)","v":"TRANSPORTE COM CAMINHÃO CARROCERIA 9T, EM VIA URBANA PAVIMENTADA"},null,"SINAPI",{"$f":"VLOOKUP(A219,ORÇAMENTO!$A$10:$I$28,4)","v":100947},"UNIDADE: ",{"$f":"VLOOKUP(A219,ORÇAMENTO!$A$10:$I$28,5)","v":"TXKM"}]
[]
[null,"TIPO ITEM","CODIGO ITEM","DESCRIÇÃO ITEM","UNIDADE ITEM","COEFICIENTE","PRECO UNITARIO","CUSTO TOTAL"]
[null,"COMPOSICAO","5824","CAMINHÃO TOCO, PBT 16.000 KG, CARGA ÚTIL MÁX. 10.685 KG, DIST. ENTRE EIXOS 4,8 M, POTÊNCIA 189 CV, INCLUSIVE CARROCERIA FIXA ABERTA DE MADEIRA P/ TRANSPORTE GERAL DE CARGA SECA, DIMEN. APROX. 2,5 X 7,00 X 0,50 M ","CHP","0,0093000","188,68",{"$f":"ROUNDDOWN(F224*G224,2)","v":1.75}]
[null,"COMPOSICAO","5826","CAMINHÃO TOCO, PBT 16.000 KG, CARGA ÚTIL MÁX. 10.685 KG, DIST. ENTRE EIXOS 4,8 M, POTÊNCIA 189 CV, INCLUSIVE CARROCERIA FIXA ABERTA DE MADEIRA P/ TRANSPORTE GERAL DE CARGA SECA, DIMEN. APROX. 2,5 X 7,00 X 0,50 M ","CHI","0,0040000","52,75",0.21]
[{"$nulls":7},0]
[null,"PRODUÇÃO DA EQUIPE",null,null,1,"CUSTO ",null,{"$f":"SUM(H224:H226)","v":1.96}]
[null,"TOTAL",{"$nulls":5},{"$f":"H227/E227","v":1.96},"OK"]
[null,"BDI                %",{"$nulls":5},{"$f":"1+$M$1","v":1.2135}]
[null,"TOTAL DO SERVIÇO - R$",{"$nulls":5},{"$f":"ROUND(H228*H229,2)","v":2.38}]
[]
[15,"CODEVASF",null,null," COMPOSIÇÃO DE PREÇO UNITÁRIO",null,null,null,{"$f":"H240","v":0.5},{"$f":"H242","v":0.57999999999999996}]
[null,"OBRA:  ",{"$f":"$C$2","v":" PAVIMENTAÇÃO ASFÁLTICA EM CBUQ - DIVERSAS RUAS (BURITIZEIRO / MG)"},null,null,null,"DATA: ",{"$f":"$H$2","v":" JULHO / 2023   "}]
[null,"SERVIÇO:  ",{"$f":"VLOOKUP(A232,ORÇAMENTO!$A$10:$I$28,3)","v":"TRANSPORTE COM CAMINHÃO TANQUE DE TRANSPORTE DE MATERIAL ASFÁLTICO DE 30000 L, EM VIA URBANA PAVIMENTADA (BDI DIFERENCIADO)"},null,"SINAPI",{"$f":"VLOOKUP(A232,ORÇAMENTO!$A$10:$I$28,4)","v":102331},"UNIDADE: ",{"$f":"VLOOKUP(A232,ORÇAMENTO!$A$10:$I$28,5)","v":"TXKM"}]
[]
[null,"TIPO ITEM","CODIGO ITEM","DESCRIÇÃO ITEM","UNIDADE ITEM","COEFICIENTE","PRECO UNITARIO","CUSTO TOTAL"]
[null,"COMPOSICAO","91645","CAMINHÃO DE TRANSPORTE DE MATERIAL ASFÁLTICO 30.000 L, COM CAVALO MECÂNICO DE CAPACIDADE MÁXIMA DE TRAÇÃO COMBINADO DE 66.000 KG, POTÊNCIA 360 CV, INCLUSIVE TANQUE DE ASFALTO COM SERPENTINA ","CHP","0,0011000","418,86",{"$f":"ROUNDDOWN(F237*G237,2)","v":0.46}]
[null,"COMPOSICAO","91646","CAMINHÃO DE TRANSPORTE DE MATERIAL ASFÁLTICO 30.000 L, COM CAVALO MECÂNICO DE CAPACIDADE MÁXIMA DE TRAÇÃO COMBINADO DE 66.000 KG, POTÊNCIA 360 CV, INCLUSIVE TANQUE DE ASFALTO COM SERPENTINA ","CHI","0,0005000","87,87",0.04]
[null,"PRODUÇÃO DA EQUIPE",null,null,1,"CUSTO ",null,{"$f":"SUM(H237:H238)","v":0.5}]
[null,"TOTAL",{"$nulls":5},{"$f":"H239/E239","v":0.5},"OK"]
[null,"BDI                %",{"$nulls":5},{"$f":"1+$M$2","v":1.1499999999999999}]
[null,"TOTAL DO SERVIÇO - R$",{"$nulls":5},{"$f":"ROUND(H240*H241,2)","v":0.57999999999999996}]
[]
[16,"CODEVASF",null,null," COMPOSIÇÃO DE PREÇO UNITÁRIO",null,null,null,{"$f":"H259","v":57.399999999999991},{"$f":"H261","v":69.650000000000006}]
[null,"OBRA:  ",{"$f":"$C$2","v":" PAVIMENTAÇÃO ASFÁLTICA EM CBUQ - DIVERSAS RUAS (BURITIZEIRO / MG)"},null,null,null,"DATA: ",{"$f":"$H$2","v":" JULHO / 2023   "}]
[null,"SERVIÇO:  ",{"$f":"VLOOKUP(A244,ORÇAMENTO!$A$10:$I$28,3)","v":"GUIA (MEIO-FIO) E SARJETA CONJUGADOS DE CONCRETO, MOLDADA IN LOCO COM EXTRUSORA, 45 CM BASE (15 CM BASE DA GUIA + 30 CM BASE DA SARJETA) X 22 CM ALTURA"},null,"SINAPI",{"$f":"VLOOKUP(A244,ORÇAMENTO!$A$10:$I$28,4)","v":94267},"UNIDADE: ",{"$f":"VLOOKUP(A244,ORÇAMENTO!$A$10:$I$28,5)","v":"M"}]
[]
[null,"TIPO ITEM","CODIGO ITEM","DESCRIÇÃO ITEM","UNIDADE ITEM","COEFICIENTE","PRECO UNITARIO","CUSTO TOTAL"]
[null,"INSUMO","370","AREIA MEDIA - POSTO JAZIDA/FORNECEDOR (RETIRADO NA JAZIDA, SEM TRANSPORTE)","M3","0,0150000","97,50",{"$f":"ROUNDDOWN(F249*G249,2)","v":1.46}]
[null,"INSUMO","34492","CONCRETO USINADO BOMBEAVEL, CLASSE DE RESISTENCIA C20, COM BRITA 0 E 1, SLUMP = 100 +/- 20 MM","M3","0,0630000","550,00",34.65]
[null,"COMPOSICAO","88243","AJUDANTE ESPECIALIZADO COM ENCARGOS COMPLEMENTARES","H","0,1090000","21,76",2.37]
[null,"COMPOSICAO","88309","PEDREIRO COM ENCARGOS COMPLEMENTARES","H","0,2440000","27,45",6.69]
[null,"COMPOSICAO","88316","SERVENTE COM ENCARGOS COMPLEMENTARES","H","0,4870000","19,76",9.6199999999999992]
[null,"COMPOSICAO","88631","ARGAMASSA TRAÇO 1:4 (EM VOLUME DE CIMENTO E AREIA MÉDIA ÚMIDA), PREPARO MANUAL","M3","0,0030000","579,77",1.73]
[null,"COMPOSICAO","92960","MÁQUINA EXTRUSORA DE CONCRETO PARA GUIAS E SARJETAS, MOTOR A DIESEL, POTÊNCIA 14 CV ","CHP","0,0180000","19,48",0.35]
[null,"COMPOSICAO","92961","MÁQUINA EXTRUSORA DE CONCRETO PARA GUIAS E SARJETAS, MOTOR A DIESEL, POTÊNCIA 14 CV","CHI","0,0910000","5,89",0.53]
[{"$nulls":7},0]
[null,"PRODUÇÃO DA EQUIPE",null,null,1,"CUSTO ",null,{"$f":"SUM(H249:H257)","v":57.399999999999991}]
[null,"TOTAL",{"$nulls":5},{"$f":"H258/E258","v":57.399999999999991},"OK"]
[null,"BDI                %",{"$nulls":5},{"$f":"1+$M$1","v":1.2135}]
[null,"TOTAL DO SERVIÇO - R$",{"$nulls":5},{"$f":"ROUND(H259*H260,2)","v":69.650000000000006}]
[]
[17,"CODEVASF",null,null," COMPOSIÇÃO DE PREÇO UNITÁRIO",null,null,null,{"$f":"H277","v":451.66999999999996},{"$f":"H279","v":548.1}]
[null,"OBRA:  ",{"$f":"$C$2","v":" PAVIMENTAÇÃO ASFÁLTICA EM CBUQ - DIVERSAS RUAS (BURITIZEIRO / MG)"},null,null,null,"DATA: ",{"$f":"$H$2","v":" JULHO / 2023   "}]
[null,"SERVIÇO:  ",{"$f":"VLOOKUP(A263,ORÇAMENTO!$A$10:$I$34,3)","v":"FORNECIMENTO E INSTALAÇÃO DE PLACA DE SINALIZAÇÃO VIÁRIA - REGULAMENTAÇÃO OCTOGONAL (PARE) 0,60MX0,60M"},null,"SINAPI",{"$f":"VLOOKUP(A263,ORÇAMENTO!$A$10:$I$38,4)","v":"CPU.4"},"UNIDADE: ","UN."]
[]
[null,"TIPO ITEM","CODIGO ITEM","DESCRIÇÃO ITEM","UNIDADE ITEM","COEFICIENTE","PRECO UNITARIO","CUSTO TOTAL"]
[null,"COMPOSICAO",94962,"CONCRETO MAGRO PARA LASTRO, TRAÇO 1:4,5:4,5 (EM MASSA SECA DE CIMENTO/ AREIA / BRITA 1)","M3",2.4E-2,389.21,{"$f":"ROUNDDOWN(F268*G268,2)","v":9.34}]
[null,"COMPOSICAO",93358,"ESCAVAÇÃO MANUAL DE VALA COM PROFUNDIDADE MENOR OU IGUAL A 1,30 M","M3",2.4E-2,78.17,1.87]
[null,"COMPOSICAO",88309,"PEDREIRO COM ENCARGOS COMPLEMENTARES","H",0.2,27.45,5.49]
[null,"COMPOSICAO",88316,"SERVENTE COM ENCARGOS COMPLEMENTARES","H",1,19.760000000000002,19.760000000000002]
[null,"COMPOSICAO",103670,"LANÇAMENTO COM USO DE BALDES, ADENSAMENTO E ACABAMENTO DE CONCRETO EM ESTRUTURAS","M3",2.4E-2,281.77999999999997,6.76]
[null,"INSUMO",34723,"PLACA DE SINALIZACAO EM CHAPA DE ACO NUM 16 COM PINTURA REFLETIVA (CIRCULAR - D=50CM) ","M2",{"$f":"4*0.25*0.3","v":0.3},577.5,173.25]
[null,"INSUMO",21013,"TUBO AÇO GALVANIZADO COM COSTURA, CLASSE LEVE, DN 50 MM ( 2\")E = 3,00 MM, 4,40 KG/M","M",3,78.400000000000006,235.2]
[{"$nulls":7},0]
[null,"PRODUÇÃO DA EQUIPE",null,null,1,"CUSTO ",null,{"$f":"SUM(H268:H275)","v":451.66999999999996}]
[null,"TOTAL",{"$nulls":5},{"$f":"H276/E276","v":451.66999999999996},"OK"]
[null,"BDI                %",{"$nulls":5},{"$f":"1+$M$1","v":1.2135}]
[null,"TOTAL DO SERVIÇO - R$",{"$nulls":5},{"$f":"ROUND(H277*H278,2)","v":548.1}]
[]
[18,"CODEVASF",null,null," COMPOSIÇÃO DE PREÇO UNITÁRIO",null,null,null,{"$f":"H295","v":151.76000000000002},{"$f":"H297","v":184.16}]
[null,"OBRA:  ",{"$f":"$C$2","v":" PAVIMENTAÇÃO ASFÁLTICA EM CBUQ - DIVERSAS RUAS (BURITIZEIRO / MG)"},null,null,null,"DATA: ",{"$f":"$H$2","v":" JULHO / 2023   "}]
[null,"SERVIÇO:  ",{"$f":"VLOOKUP(A281,ORÇAMENTO!$A$10:$I$34,3)","v":"FORNECIMENTO E INSTALAÇÃO DE PLACA DE IDENTIFICACAO DE RUA EM CHAPA DE AÇO PINTADA COM PELÍCULA DE ALTA INTENSIDADE, 45 CM X 20 CM - INCLUSIVE SUPORTE DE MADEIRA, CONFORME PROJETO                                  "},null,"SINAPI",{"$f":"VLOOKUP(A281,ORÇAMENTO!$A$10:$I$38,4)","v":"CPU.5"},"UNIDADE: ","UN."]
[]
[null,"TIPO ITEM","CODIGO ITEM","DESCRIÇÃO ITEM","UNIDADE ITEM","COEFICIENTE","PRECO UNITARIO","CUSTO TOTAL"]
[null,"INSUMO",13521,"PLACA DE ACO ESMALTADA PARA  IDENTIFICACAO DE RUA, *45 CM X 20* CM  ","UNID.",1,82.5,{"$f":"ROUNDDOWN(F286*G286,2)","v":82.5}]
[null,"COMPOSICAO",94962,"CONCRETO MAGRO PARA LASTRO, TRAÇO 1:4,5:4,5 (EM MASSA SECA DE CIMENTO/ AREIA / BRITA 1)","M3",2.4E-2,389.21,9.34]
[null,"COMPOSICAO",93358,"ESCAVAÇÃO MANUAL DE VALA COM PROFUNDIDADE MENOR OU IGUAL A 1,30 M","M3",2.4E-2,78.17,1.87]
[null,"COMPOSICAO",88309,"PEDREIRO COM ENCARGOS COMPLEMENTARES","H",0.2,27.45,5.49]
[null,"COMPOSICAO",88316,"SERVENTE COM ENCARGOS COMPLEMENTARES","H",1,19.760000000000002,19.760000000000002]
[null,"COMPOSICAO",103670,"LANÇAMENTO COM USO DE BALDES, ADENSAMENTO E ACABAMENTO DE CONCRETO EM ESTRUTURAS","M3",2.4E-2,281.77999999999997,6.76]
[null,"INSUMO",4491,"POSTE DE SUISTENTAÇÃO EM MADEIRA DE LEI -7,5 X 7,5 CM","M",3,8.68,26.04]
[{"$nulls":7},0]
[null,"PRODUÇÃO DA EQUIPE",null,null,1,"CUSTO ",null,{"$f":"SUM(H286:H293)","v":151.76000000000002}]
[null,"TOTAL",{"$nulls":5},{"$f":"H294/E294","v":151.76000000000002},"OK"]
[null,"BDI                %",{"$nulls":5},{"$f":"1+$M$1","v":1.2135}]
[null,"TOTAL DO SERVIÇO - R$",{"$nulls":5},{"$f":"ROUND(H295*H296,2)","v":184.16}]
[]
[19,"CODEVASF",null,null," COMPOSIÇÃO DE PREÇO UNITÁRIO",null,null,null,{"$f":"H313","v":38.700000000000003},{"$f":"H315","v":46.96}]
[null,"OBRA:  ",{"$f":"$C$2","v":" PAVIMENTAÇÃO ASFÁLTICA EM CBUQ - DIVERSAS RUAS (BURITIZEIRO / MG)"},null,null,null,"DATA: ",{"$f":"$H$2","v":" JULHO / 2023   "}]
[null,"SERVIÇO:  ",{"$f":"VLOOKUP(A299,ORÇAMENTO!$A$10:$I$34,3)","v":"PINTURA DE FAIXA COM TINTA ACRÍLICA - ESPESSURA DE 0,10 MM"},null,"SICRO",{"$f":"VLOOKUP(A299,ORÇAMENTO!$A$10:$I$38,4)","v":5213401},"UNIDADE: ",{"$f":"VLOOKUP(A299,ORÇAMENTO!$A$10:$I$38,5)","v":"M2"}]
[]
[null,"TIPO ITEM","CODIGO ITEM","DESCRIÇÃO ITEM","UNIDADE ITEM","COEFICIENTE","PRECO UNITARIO","CUSTO TOTAL"]
[null,"COMPOSICAO",95133,"CAMINHÃO DEMARCADOR DE FAIXAS COM SISTEMA DE PINTURA A FRIO - 28 KW/115 KW","CHP",6.6934400000000002E-3,167.25,{"$f":"ROUNDDOWN(F304*G304,2)","v":1.1100000000000001}]
[null,"COMPOSICAO","P9853","PRÉ-MARCADOR","H",{"$f":"1/149.4","v":6.6934404283801874E-3},20.939,0.14000000000000001]
[null,"COMPOSICAO","88316","SERVENTE COM ENCARGOS COMPLEMENTARES","H",{"$f":"4/149.4","v":2.677376171352075E-2},19.760000000000002,0.52]
[null,"INSUMO",44478,"MICROESFERAS REFLETIVAS DE VIDRO TIPO I-B","KG",0.12,9.6999999999999993,1.1599999999999999]
[null,"INSUMO",44477,"MICROESFERAS REFLETIVAS DE VIDRO TIPO II-A","KG",0.35,9.6999999999999993,3.39]
[null,"INSUMO","M2034","SOLVENTE PARA TINTA À BASE DE RESINA ACRÍLICA","L",0.03,15.669,0.47]
[null,"INSUMO","M2044","TINTA À BASE DE RESINA ACRÍLICA EMULSIONADA EM ÁGUA PARA PRÉ-MARCAÇÃO VIÁRIA","L",9.7000000000000005E-4,20.867899999999999,0.02]
[null,"INSUMO","M2027","TINTA À BASE DE RESINA ACRÍLICA ESTIRENADA PARA DEMARCAÇÃO VIÁRIA","L",0.6,53.165700000000001,31.89]
[null,"PRODUÇÃO DA EQUIPE",null,null,1,"CUSTO ",null,{"$f":"SUM(H304:H311)","v":38.700000000000003}]
[null,"TOTAL",{"$nulls":5},{"$f":"H312/E312","v":38.700000000000003},"OK"]
[null,"BDI                %",{"$nulls":5},{"$f":"1+$M$1","v":1.2135}]
[null,"TOTAL DO SERVIÇO - R$",{"$nulls":5},{"$f":"ROUND(H313*H314,2)","v":46.96}]
[]
[20,"CODEVASF",null,null," COMPOSIÇÃO DE PREÇO UNITÁRIO",null,null,null,{"$f":"H325","v":2376.02},{"$f":"H327","v":2732.42}]
[null,"OBRA:  ",{"$f":"$C$2","v":" PAVIMENTAÇÃO ASFÁLTICA EM CBUQ - DIVERSAS RUAS (BURITIZEIRO / MG)"},null,null,null,"DATA: ",{"$f":"$H$2","v":" JULHO / 2023   "}]
[null,"SERVIÇO:  ",{"$f":"VLOOKUP(A317,ORÇAMENTO!$A$10:$I$43,3)","v":"AQUISIÇÃO DE EMULSÃO ASFÁLTICA PARA IMPRIMAÇÃO (EAI) - EXCLUSIVE TRANSPORTE"},null,"SEINFRA",{"$f":"VLOOKUP(A317,ORÇAMENTO!$A$10:$I$43,4)","v":"CPU.6"},"UNIDADE: ",{"$f":"VLOOKUP(A317,ORÇAMENTO!$A$10:$I$43,5)","v":"T"}]
[]
[null,"TIPO ITEM","CODIGO ITEM","DESCRIÇÃO ITEM","UNIDADE ITEM","COEFICIENTE","PRECO UNITARIO","CUSTO TOTAL"]
[null,"INSUMO","ANP","EMULSÃO ASFÁLTICA PARA IMPRIMAÇÃO (CUSTO ANP, INCLUINDO ICMS 18%)","T",1,{"$f":"2.37481*1000+1.2195122","v":2376.0295121999998},{"$f":"ROUNDDOWN(F322*G322,2)","v":2376.02}]
[{"$nulls":7},{"$f":"ROUNDDOWN(F323*G323,2)","v":0}]
[null,"PRODUÇÃO DA EQUIPE",null,null,1,"CUSTO ",null,{"$f":"SUM(H322:H323)","v":2376.02}]
[null,"TOTAL",{"$nulls":5},{"$f":"H324/E324","v":2376.02}]
[null,"BDI                %",{"$nulls":5},{"$f":"1+$M$2","v":1.1499999999999999}]
[null,"TOTAL DO SERVIÇO - R$",{"$nulls":5},{"$f":"ROUND(H325*H326,2)","v":2732.42},"OK"]
[]
[21,"CODEVASF",null,null," COMPOSIÇÃO DE PREÇO UNITÁRIO",null,null,null,{"$f":"H337","v":3386.4},{"$f":"H339","v":3894.36}]
[null,"OBRA:  ",{"$f":"$C$2","v":" PAVIMENTAÇÃO ASFÁLTICA EM CBUQ - DIVERSAS RUAS (BURITIZEIRO / MG)"},null,null,null,"DATA: ",{"$f":"$H$2","v":" JULHO / 2023   "}]
[null,"SERVIÇO:  ",{"$f":"VLOOKUP(A329,ORÇAMENTO!$A$10:$I$43,3)","v":"AQUISIÇÃO DE EMULSAO ASFALTICA CATIONICA RR-2C - EXCLUSIVE TRANSPORTE"},null,"SINAPI",{"$f":"VLOOKUP(A329,ORÇAMENTO!$A$10:$I$43,4)","v":"CPU.7"},"UNIDADE: ",{"$f":"VLOOKUP(A329,ORÇAMENTO!$A$10:$I$43,5)","v":"T"}]
[]
[null,"TIPO ITEM","CODIGO ITEM","DESCRIÇÃO ITEM","UNIDADE ITEM","COEFICIENTE","PRECO UNITARIO","CUSTO TOTAL"]
[null,"INSUMO","ANP","EMULSÃO ASFÁLTICA CATIÔNICA RR-2C(CUSTO ANP, INCLUINDO ICMS 18%)","T",1,{"$f":"2.77685*1.2195122*1000","v":3386.4024525700002},{"$f":"ROUNDDOWN(F334*G334,2)","v":3386.4}]
[{"$nulls":7},{"$f":"ROUNDDOWN(F335*G335,2)","v":0}]
[null,"PRODUÇÃO DA EQUIPE",null,null,1,"CUSTO ",null,{"$f":"SUM(H334:H334)","v":3386.4}]
[null,"TOTAL",{"$nulls":5},{"$f":"H336/E336","v":3386.4},"OK"]
[null,"BDI                %",{"$nulls":5},{"$f":"1+$M$2","v":1.1499999999999999}]
[null,"TOTAL DO SERVIÇO - R$",{"$nulls":5},{"$f":"ROUND(H337*H338,2)","v":3894.36}]
[]
[22,"CODEVASF",null,null," COMPOSIÇÃO DE PREÇO UNITÁRIO",null,null,null,{"$f":"H349","v":600},{"$f":"H351","v":690}]
[null,"OBRA:  ",{"$f":"$C$2","v":" PAVIMENTAÇÃO ASFÁLTICA EM CBUQ - DIVERSAS RUAS (BURITIZEIRO / MG)"},null,null,null,"DATA: ",{"$f":"$H$2","v":" JULHO / 2023   "}]
[null,"SERVIÇO:  ",{"$f":"VLOOKUP(A341,ORÇAMENTO!$A$10:$I$43,3)","v":"AQUISIÇÃO DE CONCRETO BETUMINOSO USINADO A QUENTE (CBUQ) PARA PAVIMENTACAO ASFALTICA, PADRAO DNIT, FAIXA C, COM CAP 50/70 - EXCLUSIVE TRANSPORTE"},null,"SINAPI",{"$f":"VLOOKUP(A341,ORÇAMENTO!$A$10:$I$43,4)","v":"CPU.8"},"UNIDADE: ",{"$f":"VLOOKUP(A341,ORÇAMENTO!$A$10:$I$43,5)","v":"T"}]
[]
[null,"TIPO ITEM","CODIGO ITEM","DESCRIÇÃO ITEM","UNIDADE ITEM","COEFICIENTE","PRECO UNITARIO","CUSTO TOTAL"]
[null,"INSUMO",1518,"CONCRETO BETUMINOSO USINADO A QUENTE (CBUQ) PARA PAVIMENTACAO ASFALTICA, PADRAO DNIT, FAIXA C, COM CAP 50/70 - AQUISICAO POSTO USINA","T",1,600,{"$f":"ROUNDDOWN(F346*G346,2)","v":600}]
[{"$nulls":7},{"$f":"ROUNDDOWN(F347*G347,2)","v":0}]
[null,"PRODUÇÃO DA EQUIPE",null,null,1,"CUSTO ",null,{"$f":"SUM(H346:H346)","v":600}]
[null,"TOTAL",{"$nulls":5},{"$f":"H348/E348","v":600},"OK"]
[null,"BDI                %",{"$nulls":5},{"$f":"1+$M$2","v":1.1499999999999999}]
[null,"TOTAL DO SERVIÇO - R$",{"$nulls":5},{"$f":"ROUND(H349*H350,2)","v":690}]

{"sheet":"BDI SERV","index":2,"n_rows":37,"n_cols":5,"rows_kept":37,"cut":false,"hidden":false,"merged":[[36,0,36,5],[3,1,4,1],[3,2,4,2],[0,1,2,4],[32,0,34,5],[28,0,28,5],[30,1,30,2],[31,1,31,2]]}
[null,"DETALHAMENTO DO BDI - SERVIÇOS"]
[]
[]
[null,"Item","Descrição dos Serviços","%","%"]
[null,null,null,"PV","CD"]
[]
[null,1,"ADMINISTRAÇÃO CENTRAL"," ",4.01]
[null,"1.1","ESCRITÓRIO CENTRAL"," "," "]
[null,"1.2","VIAGENS"," "," "]
[null,"1.3","OUTROS"," "," "]
[null," "," "," "," "]
[null,2,"IMPOSTOS E TAXAS",{"$f":"SUM(D13:D16)","v":6.15},{"$f":"SUM(E13:E16)","v":7.6899999999999995}]
[null,"2.1","ISS (*)",{"$f":"5*0.5","v":2.5},{"$f":"ROUND(D13*1.2515,2)","v":3.13}]
[null,"2.2","PIS",0.65,0.81]
[null,"2.3","Cofins",3,3.75]
[null,"2.4","CONTRIBUIÇÃO PREVIDENCIÁRIA SOBRE A RENDA BRUTA",0,0]
[]
[null,3,"TAXA DE RISCO"," ",{"$f":"SUM(E19:E22)","v":0.96}]
[null,"3.1","SEGURO",null,0.2]
[null,"3.2","RISCO",null,0.56000000000000005]
[null,"3.3","GARANTIA",null,0.2]
[]
[null,4,"DESPESAS FINANCEIRAS"," ",1.1100000000000001]
[]
[null,5,"LUCRO",null,7.3]
[]
[null," ","BDI - CALCULADO"," ",{"$f":"ROUND((((1+(E7+E18)/100)*(1+E23/100)*(1+E25/100)/(1-D12/100)-1)*100),2)","v":21.35}]
[]
["BDI = ((1+((AC+S+R+G)/100))x(1+DF/100)x(1+L/100)/(1-I/100)-1)*100"]
[]
[null,"BDI (CALCULADO):",null,{"$f":"ROUND((((1+((E7+E18)/100))*(1+E23/100)*(1+E25/100))/(1-D12/100)-1)*100,2)","v":21.35},"%"]
[null," "]
["(*) ISS CONFORME LEI MUNICIPAL Nº 1.152 / 2007 - Considerando as deduções previstas no Art. 108 - § 5º (Dedução de 50% sem necessidade de comprovação)"]
[]
[]
[]
["BDI EM CONFORMIDADE COM OS ACÓRDÃOS Nº 2369/2011 e ACÓRDÃO Nº 2.622/2013 - TCU - PLENÁRIO"]

{"sheet":"BDI FORN","index":3,"n_rows":37,"n_cols":5,"rows_kept":37,"cut":false,"hidden":false,"merged":[[0,1,2,4],[28,0,28,5],[30,1,30,2],[31,1,31,2],[36,0,36,5],[3,1,4,1],[3,2,4,2],[32,0,34,5]]}
[null,"DETALHAMENTO DO BDI - FORNECIMENTO \n(MATERIAL ASFÁLTICO)"]
[]
[]
[null,"Item","Descrição dos Serviços","%","%"]
[null,null,null,"PV","CD"]
[]
[null,1,"ADMINISTRAÇÃO CENTRAL"," ",3.72]
[null,"1.1","ESCRITÓRIO CENTRAL"," "," "]
[null,"1.2","VIAGENS"," "," "]
[null,"1.3","OUTROS"," "," "]
[null," "," "," "," "]
[null,2,"IMPOSTOS E TAXAS",{"$f":"SUM(D13:D16)","v":3.65},{"$f":"SUM(E13:E16)","v":4.5600000000000005}]
[null,"2.1","ISS (*)",null,{"$f":"ROUND(D13*1.2515,2)","v":0}]
[null,"2.2","PIS",0.65,0.81]
[null,"2.3","Cofins",3,3.75]
[null,"2.4","CONTRIBUIÇÃO PREVIDENCIÁRIA SOBRE A RENDA BRUTA",0,0]
[]
[null,3,"TAXA DE RISCO"," ",{"$f":"SUM(E19:E22)","v":0.82000000000000006}]
[null,"3.1","SEGURO",null,0.16]
[null,"3.2","RISCO",null,0.5]
[null,"3.3","GARANTIA",null,0.16]
[]
[null,4,"DESPESAS FINANCEIRAS"," ",0.94]
[]
[null,5,"LUCRO",null,5]
[]
[null," ","BDI - CALCULADO"," ",{"$f":"ROUND((((1+(E7+E18)/100)*(1+E23/100)*(1+E25/100)/(1-D12/100)-1)*100),2)","v":15}]
[]
["BDI = ((1+((AC+S+R+G)/100))x(1+DF/100)x(1+L/100)/(1-I/100)-1)*100"]
[]
[null,"BDI (CALCULADO):",null,{"$f":"ROUND((((1+((E7+E18)/100))*(1+E23/100)*(1+E25/100))/(1-D12/100)-1)*100,2)","v":15},"%"]
[null," "]
[]
[]
[]
[]
["BDI EM CONFORMIDADE COM OS ACÓRDÃOS Nº 2369/2011 e ACÓRDÃO Nº 2.622/2013 - TCU - PLENÁRIO"]

{"sheet":"CRONOGRAMA","index":4,"n_rows":19,"n_cols":12,"rows_kept":19,"cut":false,"hidden":false,"merged":[[15,1,16,2],[18,1,22,11],[7,2,8,2],[9,2,10,2],[11,2,12,2],[13,2,14,2],[7,0,8,0],[9,0,10,0],[11,0,12,0],[13,0,14,0],[1,1,2,1],[5,1,6,1],[7,1,8,1],[9,1,10,1],[11,1,12,1],[13,1,14,1],[0,1,0,11],[3,1,3,9],[5,0,6,0],[5,2,6,2],[1,2,2,4],[1,6,1,11],[2,6,2,11]]}
[null,"CRONOGRAMA FÍSICO-FINANCEIRO"]
[null,"OBRA: ",{"$f":"ORÇAMENTO!C5","v":" PAVIMENTAÇÃO ASFÁLTICA EM CBUQ - DIVERSAS RUAS (BURITIZEIRO / MG)"},null,null,"VALOR:",{"$f":"ORÇAMENTO!I36","v":5731495.3599999994}]
[{"$nulls":5},"PRAZO: ","180 DIAS "]
[]
[null,"ITEM","ETAPAS/DESCRIÇAO","FISICO/  FINANCEIRO","TOTAL    ETAPAS","MÊS 1","MÊS 2","MÊS 3","MÊS 4","MÊS 5","MÊS 6","TOTAL"]
["A",{"$f":"VLOOKUP(A6,ORÇAMENTO!$A$9:$I$36,2)","v":1},{"$f":"VLOOKUP(A6,ORÇAMENTO!$A$9:$I$36,3)","v":"SERVIÇOS PRELIMINARES "},"FISICO ",{"$f":"ROUND(E7/$G$2,4)","v":5.3999999999999999E-2},0.1,0.2,0.2,0.2,0.2,0.1,{"$f":"SUM(F6:K6)","v":0.99999999999999989}]
[null,null,null,"FINANCEIRO",{"$f":"ORÇAMENTO!I9","v":309697.74},{"$f":"ROUND($E$7*F6,2)","v":30969.77},61939.55,61939.55,61939.55,61939.55,30969.77,{"$f":"SUM(F7:K7)","v":309697.74}]
["B",{"$f":"VLOOKUP(A8,ORÇAMENTO!$A$9:$I$36,2)","v":2},{"$f":"VLOOKUP(A8,ORÇAMENTO!$A$9:$I$36,3)","v":"PAVIMENTAÇÃO"},"FISICO ",{"$f":"ROUND(E9/$G$2,4)","v":0.1085},0.1,0.2,0.2,0.2,0.2,0.1,{"$f":"SUM(F8:K8)","v":0.99999999999999989}]
[null,null,null,"FINANCEIRO",{"$f":"ORÇAMENTO!I15","v":622067},{"$f":"ROUND($E$9*F8,2)","v":62206.7},124413.4,124413.4,124413.4,124413.4,62206.7,{"$f":"SUM(F9:K9)","v":622067}]
["C",{"$f":"VLOOKUP(A10,ORÇAMENTO!$A$9:$I$36,2)","v":3},{"$f":"VLOOKUP(A10,ORÇAMENTO!$A$9:$I$36,3)","v":"TRANSPORTE DE MATERIAIS"},"FISICO ",{"$f":"ROUND(E11/$G$2,4)","v":0.2107},0.1,0.2,0.2,0.2,0.2,0.1,{"$f":"SUM(F10:K10)","v":0.99999999999999989}]
[null,null,null,"FINANCEIRO",{"$f":"ORÇAMENTO!I23","v":1207784.01},{"$f":"ROUND($E$11*F10,2)","v":120778.4},241556.8,241556.8,241556.8,241556.8,120778.4,{"$f":"SUM(F11:K11)-0.04","v":1207783.96}]
["D",{"$f":"VLOOKUP(A12,ORÇAMENTO!$A$9:$I$36,2)","v":4},{"$f":"VLOOKUP(A12,ORÇAMENTO!$A$9:$I$36,3)","v":"OBRAS COMPLEMENTARES"},"FISICO ",{"$f":"ROUND(E13/$G$2,4)","v":0.13150000000000001},0,0.2,0.2,0.2,0.2,0.2,{"$f":"SUM(F12:K12)","v":1}]
[null,null,null,"FINANCEIRO",{"$f":"ORÇAMENTO!I27","v":753476.1},{"$f":"ROUND($E$13*F12,2)","v":0},150695.22,150695.22,150695.22,150695.22,150695.22,{"$f":"SUM(F13:K13)-0.02","v":753476.08}]
["E",{"$f":"VLOOKUP(A14,ORÇAMENTO!$A$9:$I$36,2)","v":5},{"$f":"VLOOKUP(A14,ORÇAMENTO!$A$9:$I$36,3)","v":"FORNECIMENTOS - MATERIAL ASFÁLTICO (BDI DIFERENCIADO)"},"FISICO ",{"$f":"ROUND(E15/$G$2,4)","v":0.49519999999999997},0.1,0.2,0.2,0.2,0.2,0.1,{"$f":"SUM(F14:K14)","v":0.99999999999999989}]
[null,null,null,"FINANCEIRO",{"$f":"ORÇAMENTO!I32","v":2838470.51},{"$f":"ROUND($E$15*F14,2)","v":283847.05},{"$f":"ROUND($E$15*G14,2)","v":567694.1},567694.1,567694.1,567694.1,283847.05,{"$f":"SUM(F15:K15)-0.02","v":2838470.48}]
[null,"TOTAL",null,"FISICO ",{"$f":"SUM(F16:K16)","v":0.99999999651050919},{"$f":"F17/$E$17","v":8.6853759574534492E-2},{"$f":"G17/$E$17","v":0.19999999965105092},0.19999999965105092,0.19999999965105092,0.19999999965105092,0.11314623833177107,{"$f":"SUM(F16:K16)","v":0.99999999651050919}]
[null,null,null,"FINANCEIRO",{"$f":"E11+E9+E7+E13+E15","v":5731495.3599999994},{"$f":"F11+F9+F7+F13+F15","v":497801.91999999993},{"$f":"G11+G9+G7+G13+G15","v":1146299.0699999998},1146299.0699999998,1146299.0699999998,1146299.0699999998,648497.1399999999,{"$f":"SUM(F17:K17)+0.02","v":5731495.3599999985}]
[]
[null,"OBSERVAÇÕES:"]